000 00751cab a2200253 4500
001 ABS58484
008 090401t1998 xxu||||| |||| 00| 0 eng d
035 _a(Sirsi) u85294
041 _aeng
245 _aPrague focus
260 _c1998
350 _a0
490 _aEstates News
_vSpring 1998, F1- F6(6) (LOAN)
520 _aNews coverage of Prague`s commercial and residential property market.
650 _aPROPERTY-COMMERCIAL PROPERTY-COMMERCIAL PROPERTY MARKET
650 _aCZECH REPUBLIC
650 _aFINANCE
650 _aPROPERTY-COMMERCIAL PROPERTY-OFFICE PROPERTY-OFFICE PROPERTY MARKET
650 _aPRAGUE
650 _aRESIDENTIAL MARKET
690 _aOVERSEAS-REST OF THE WORLD
942 _n0
948 _c30/03/1998
999 _c53627
_d53627